| 000 | 01034cam a2200289 a 4500 | ||
|---|---|---|---|
| 999 |
_c11838 _d11838 |
||
| 001 | 16460889 | ||
| 005 | 20190201091632.0 | ||
| 008 | 100915s2012 nyuab 001 0 eng | ||
| 010 | _a 2010038239 | ||
| 020 | _a9780073525518 (pbk. : alk. paper) | ||
| 020 | _a0073525510 (pbk. : alk. paper) | ||
| 040 |
_aDLC _cDLC _dDLC |
||
| 050 | 0 | 0 |
_aQH308.2 _b.M24 2012 |
| 082 | 0 | 0 |
_a570 _222 |
| 100 | 1 | _aMader, Sylvia S. | |
| 245 | 1 | 0 |
_aEssentials of biology / _cSylvia S. Mader, Michael Windelspecht ; with contributions by Lynn Preston. |
| 250 | _a3rd ed. | ||
| 260 |
_aNew York, NY : _bMcGraw-Hill, _cc2012. |
||
| 300 |
_axxvii, 652 p: _bill. (chiefly col.), col. maps ; _c28 cm. |
||
| 500 | _aIncludes index. | ||
| 650 | 0 | _aBiology. | |
| 700 | 1 |
_aWindelspecht, Michael, _d1963 |
|
| 700 | 1 | _aPreston, Lynn. | |
| 906 |
_a7 _bcbc _corignew _d1 _eecip _f20 _gy-gencatlg |
||
| 942 |
_2lcc _cBOOKS _hQH 308.2 .M24 2012 |
||